| 000 | 00389nam a2200145Ia 4500 | ||
|---|---|---|---|
| 005 | 20250729165757.0 | ||
| 008 | 250729s2017 xx 000 0 und d | ||
| 041 | _aeng | ||
| 082 | _a510 RAMP | ||
| 100 |
_aB.R.Ramachandraiah _9232743 |
||
| 245 | _aPedagogy of School subject -Mathematics | ||
| 260 |
_aMysore _bVismaya Prakashana _c2017 |
||
| 300 | _a191p | ||
| 650 |
_aMathematics _9232744 |
||
| 999 |
_c239935 _d239935 |
||